Alle Gemeinden Österreichs, die mit "Maria" beginnen - Statistiken

Allgemein
  • Dieses Quiz wurde 67 mal gespielt
  • Das Durchschnittsergebnis liegt bei 6 aus 16
Antwortstatistiken
Einwohner # Gemeinde % Korrekt
3.626 BM Mariazell
84%
8.659 MD Maria Enzersdorf
59%
919 ME Maria Taferl
52%
2.196 ZE Maria Alm am Steinernen Meer
50%
3.893 KL Maria Saal
48%
2.156 BL Maria-Lanzendorf
39%
1.616 KL Maria Wörth
36%
2.389 TA Mariapfarr
34%
1.635 SE Maria Neustift
32%
458 KU Mariastein
32%
2.631 KL Maria Rain
27%
1.139 OW Mariasdorf
27%
3.009 PL Maria-Anzbach
23%
1.436 BR Maria Schmolln
23%
919 KR Maria Laach am Jauerling
20%
2.751 VO Maria Lankowitz
20%
Keine übereinstimmenden Quizze gefunden
Verteilung der Resultate
Anzahl Personen mit jedem Resultat
Perzentil nach korrekt beantworteten Fragen
Ihre Resultats-Entwicklung
Sie haben dieses Quiz noch nicht gespielt